Lukasiewicz-Moisil algebras /
Guardado en:
| Otros Autores: | |
|---|---|
| Formato: | Libro |
| Idioma: | English |
| Publicado: |
Amsterdam :
North-Holland,
1991.
|
| Series: | Annals of discrete mathematics ;
49 |
| Materias: | |
| Etiquetas: |
Agregar Etiqueta
Sin Etiquetas, Sea el primero en etiquetar este registro!
|
| LEADER | 00725pam a2200217 a 4500 | ||
|---|---|---|---|
| 001 | MAT.inmabb004371 | ||
| 008 | 910301s1991####ne#######b####001#0#eng## | ||
| 005 | 20160526165827.0 | ||
| 245 | 0 | 0 | |a Lukasiewicz-Moisil algebras / |c V. Boicescu ... [et al.]. |
| 260 | |a Amsterdam : |b North-Holland, |c 1991. | ||
| 300 | |a xv, 583 p. ; |c 25 cm. | ||
| 440 | 0 | |a Annals of discrete mathematics ; |v 49 | |
| 504 | |a Incluye referencias bibliográficas (p. 551-574) e índices. | ||
| 510 | 4 | |a MR, |c 92k:03031 | |
| 020 | |a 0444884440 | ||
| 700 | 1 | |a Boicescu, V. |q (Vlad), |d 1945- | |
| 650 | 0 | |a Lukasiewicz algebras. | |
| 084 | |a 03G20 (03-02 03B50 06D30) |2 MR | ||
| 010 | |a 91010081 | ||
| 040 | |a DLC |c DLC |d DLC | ||
| 859 | |h 03 |i L954m |p A-6556 |b BIB. MATEMATICA | ||
